Entre los dos testamentos : (Registro nro. 61615)
[ vista simple ]
| 000 -LEADER | |
|---|---|
| campo de control de longitud fija | 01318cam a22003254i 4500 |
| 003 - IDENTIFICADOR DE NÚMERO DE CONTROL | |
| campo de control | PE-LiUPU |
| 005 - FECHA Y HORA DE LA ÚLTIMA TRANSACCIÓN | |
| campo de control | 20221116115931.0 |
| 008 - DATOS DE LONGITUD FIJA--INFORMACIÓN GENERAL | |
| campo de control de longitud fija | 150617s19?? ag r 000 0 spa d |
| 020 ## - NÚMERO INTERNACIONAL ESTÁNDAR DEL LIBRO | |
| Número Internacional Estándar del Libro | 9788430112890 |
| 040 ## - FUENTE DE CATALOGACIÓN | |
| Centro catalogador/agencia de origen | PE-LiUPU |
| Lengua de catalogación | spa |
| Centro/agencia transcriptor | PE-LiUPU |
| Centro/agencia modificador | PE-LiUPU |
| Normas de descripción | rda |
| 049 ## - FONDOS LOCALES (OCLC) | |
| Biblioteca depositaria | PRUA |
| 082 04 - NÚMERO DE LA CLASIFICACIÓN DECIMAL DEWEY | |
| Número de clasificación | 296.09014 |
| Cutter | S61 |
| Número de edición | 21 |
| 100 ## - ENTRADA PRINCIPAL--NOMBRE DE PERSONA | |
| Nombre de persona | Maier, Johann. |
| Término indicativo de función/relación | autor. |
| 9 (RLIN) | 593 |
| 245 10 - MENCIÓN DEL TÍTULO | |
| Título | Entre los dos testamentos : |
| Resto del título | historia y religión en la época del segundo templo / |
| Mención de responsabilidad, etc. | Johann Maier. |
| 264 #1 - PRODUCCIÓN, PUBLICACIÓN, DISTRIBUCIÓN, FABRICACIÓN Y COPYRIGHT | |
| Producción, publicación, distribución, fabricación y copyright | Salamanca : |
| Nombre del de productor, editor, distribuidor, fabricante | Ediciones Sígueme, |
| Fecha de producción, publicación, distribución, fabricación o copyright | 1996. |
| 300 ## - DESCRIPCIÓN FÍSICA | |
| Extensión | 365 páginas ; |
| Dimensiones | 21 cm. |
| 336 ## - TIPO DE CONTENIDO | |
| Término de tipo de contenido | text |
| Fuente | rdacontent |
| 337 ## - TIPO DE MEDIO | |
| Nombre/término del tipo de medio | unmediated |
| Fuente | rdamedia |
| 338 ## - TIPO DE SOPORTE | |
| Nombre/término del tipo de soporte | volume |
| Fuente | rdacarrier |
| 490 ## - MENCIÓN DE SERIE | |
| Mención de serie | Biblioteca de estudios bíblicos. |
| Designación de volumen o secuencia | 89 |
| 504 ## - NOTA DE BIBLIOGRAFÍA, ETC. | |
| Nota de bibliografía, etc. | Notas bibliográficas al pie de algunas páginas. |
| 505 0# - NOTA DE CONTENIDO CON FORMATO | |
| Nota de contenido con formato | ¿Qué es el espacio intertestamentario? -- El período persa -- Las lenguas -- Las fuents -- El período helenístico-romano -- Dios, el mundo y el pueblo de Dios -- Grupos, direcciones, tendencias. |
| 650 #0 - PUNTO DE ACCESO ADICIONAL DE MATERIA--TÉRMINO DE MATERIA | |
| 9 (RLIN) | 594 |
| Término de materia o nombre geográfico como elemento de entrada | Judíos. |
| Subdivisión general | Historia. |
| Subdivisión cronológica | 586 a.C.- 70 d.C. |
| 650 #0 - PUNTO DE ACCESO ADICIONAL DE MATERIA--TÉRMINO DE MATERIA | |
| 9 (RLIN) | 595 |
| Término de materia o nombre geográfico como elemento de entrada | Judaísmo. |
| Subdivisión general | Historia. |
| Subdivisión cronológica | 586 a C. - 70 d.C. |
| 651 ## - PUNTO DE ACCESO ADICIONAL DE MATERIA--NOMBRE GEOGRÁFICO | |
| Nombre geográfico | Israel |
| Subdivisión general | Historia. |
| 910 ## - DATOS DE OPCIÓN DEL USUARIO (OCLC) | |
| Datos de opción del usuario | jck |
| 942 ## - ELEMENTOS DE ENTRADA SECUNDARIOS (KOHA) | |
| Fuente del sistema de clasificación o colocación | Clasificación Decimal Dewey |
| Tipo de ítem Koha | |
| 980 ## - EQUIVALENCIA O REFERENCIA-CRUZADA-MENCIÓN DE SERIE--NOMBRE DE PERSONA/TÍTULO [LOCAL, CANADÁ] | |
| ID del usuario creador del registro | 18226 |
| Nombre del creador del registro | Jaime Vilcazán Jefe de Análisis Documental |
| ID del último usuario que modificó el registro | 18226 |
| Nombre del último usuario que modificó el registro | Jaime Vilcazán Jefe de Análisis Documental |
No hay ítems disponibles.